00538 2200181 4500001002100000005001500021035002000036008004100056245009400097100001600191260003400207300001400241020002200255084002100277082001100298650002700309990002000336INLIS00000000000004120240921114330 a0010-0824000041240921 0 ind 1 aHukum Hak Asasi Manusia :bPerspektif Internasional, Regional, dan Nasional /cEko Riyadi aRiyadi, Eko aDepok :bRajawali Pers,c2020 a280 ;c23 a978-602-425-263-2 a341.48 RIY H C.1 a341.48 4aHak Asasi Manusia, HAM a230211300000042